Consumer education over Slovakia and Europe: Advocated? Associated? & Activated!

Uložené v:
Podrobná bibliografia
Hlavný autor: Tkáčiková, Jarmila
Médium: Kapitola
Jazyk:English
Tagy: Pridať tag
Žiadne tagy, Buďte prvý, kto otaguje tento záznam!

MARC

LEADER 00000nla$a2200000$$$4500
001 0146465
005 20240502083337.6
041 0 |a eng 
044 |a AT 
245 1 0 |a Consumer education over Slovakia and Europe: Advocated? Associated? & Activated!  |c Jarmila Tkáčiková 
500 |a Prezentácia 
100 1 |a Tkáčiková, Jarmila